Todo Granada: 150 fotos a todo color

Uloženo v:
Podrobná bibliografie
Médium: Kniha
Jazyk:španělština
Vydáno: Barcelona Escudo de Oro 1980
Vydání:2a. ed
Témata:
Tagy: Přidat tag
Žádné tagy, Buďte první, kdo vytvoří štítek k tomuto záznamu!

MARC

LEADER 00000cam a2200000 a 4500
001 UCD6377
003 CL-VaPUC
008 161201e19800100sp |||||||||||||||||spa|d
020 |a 8437800218 
082 0 4 |a 946.82  |b TOD  |2 21 
245 1 0 |a Todo Granada: 150 fotos a todo color 
250 |a 2a. ed 
300 |a 111 p 
942 |c BK 
945 |d 20161201 17:35:00  |a arojas 
260 |a Barcelona  |b Escudo de Oro  |c 1980 
650 0 |a Fotografías  |9 268494 
650 7 |a SITIOS HISTORICOS  |2 CL-VaPUC  |9 323388 
650 7 |a DESCRIPCIONES  |2 CL-VaPUC  |9 267091 
650 7 |a HISTORIA DE GRANADA  |2 CL-VaPUC  |9 442667 
651 7 |a GRANADA  |2 CL-VaPUC  |9 354374 
583 |a last modification  |c 20161201 17:35:00  |k Rodrigo Vera 
999 |c 366730  |d 366728 
952 |0 0  |1 0  |3 erb  |4 0  |6 946_820000000000000_TOD_1980  |7 0  |8 A  |9 481251  |a BIBHIS  |b BIBHIS  |i 5354072  |o 946.82 TOD 1980  |p 5354072  |r 2025-01-20  |w 2019-11-24  |y BK  |z Catalogado en:20161201  |k HIS